000 00858nac a22002171u 4500
010 _a 76007008
020 _a0262131234
082 0 0 _a621.312139
_bM661
090 _c3936
_d3936
100 _aMilora, Stanley L.
245 1 0 _aGeothermal energy as a source of electric power :
_bthermodynamic and economic design criteria /
_cStanley L. Milora and Jefferson W. Tester.
260 _aCambridge, Mass. :
_bMIT Press,1976
_c1976.
300 _a186 p. :
_bill. ;
_c24 cm.
504 _aIncludes bibliographical references and index.
650 0 _aGeothermal engineering.
650 0 _aThermodynamics.
650 0 _aGeothermal resources.
700 1 _aTester, Jefferson W.,
942 _cBB
_k621.312139M661
999 _c3936
_d3936